Geography of the World - Statistics

General Stats
  • This quiz has been taken 50 times
  • The average score is 6 of 10
Answer Stats
Clue Answer % Correct
What is the capital of Canada? Ottawa
100%
Which country's flag features a red maple leaf? Canada
87%
Which mountain is the tallest in the world? Mount Everest
83%
Which country is larger by area: Brazil or Australia? Brazil
78%
What is the capital of New Zealand? Wellington
67%
Which island nation is the smallest in the world by area and population? Nauru
50%
Which is the longest river in the world? The Nile River
35%
In which hemisphere is Kenya located? Northern Hemisphere
26%
What is the name of the deepest ocean in the world's oceans? The Pacific Ocean
22%
What hemispheres are these countries in? Brazil, Japan, Egypt, and Australia Southern Hemisphere and Northern Hemisphere
2%
No matching quizzes found
Score Distribution
Percent of People with Each Score
Percentile by Number Answered
Your Score History
You have not taken this quiz